Chemické inžinierstvo 1
Salvato in:
| Autori principali: | , |
|---|---|
| Natura: | Libro |
| Lingua: | slovacco |
| Pubblicazione: |
Bratislava
Alfa
1968
|
| Edizione: | 2. uprav. vyd. |
| Serie: | Edícia chemickej literatúry
|
| Soggetti: | |
| Accesso online: | Visualizza in OPAC |
| Tags: |
Nessun Tag, puoi essere il primo ad aggiungerne!!
|
MARC
| LEADER | 00000nam a2200000 a 4500 | ||
|---|---|---|---|
| 005 | 20260127134047.0 | ||
| 008 | 090726s1968 xo ka 001 0 slo d | ||
| 035 | |a vtls009838915 | ||
| 035 | |a (SVKBBclas03)vtls000309808 | ||
| 039 | 9 | |a 201311270842 |b mschk03 |y 200907261058 |z VLOAD | |
| 040 | |a SVKBB |b slo |c SVKBB |e AACR2 |d STUSCHK1 | ||
| 041 | 0 | |a slo | |
| 080 | |a 66.01 |2 2001 | ||
| 080 | |a (075.8) |2 2001 | ||
| 100 | 1 | |a Kossaczký, Elemír | |
| 245 | 1 | 0 | |a Chemické inžinierstvo |n 1 |c Elemír Kossaczký, Július Surový |
| 250 | |a 2. uprav. vyd. | ||
| 260 | |a Bratislava |b Alfa |c 1968 | ||
| 300 | |a 391 s. |b obrázky, register, tabuľky | ||
| 440 | 0 | |a Edícia chemickej literatúry | |
| 504 | |a Literatúra na konci kapitol | ||
| 650 | 1 | 7 | |a chemické inžinierstvo |2 SVKBBPH |
| 655 | 7 | |a učebnice vysokých škôl |2 SVKBBPH | |
| 700 | 1 | |a Surový, Július, |d 1929-2001 |4 aut |9 262 | |
| 910 | |a SCHK95 | ||
| 999 | |c 3182 |d 3182 | ||